Score 0/10 Timer 03:00
0 Plays Today
Border % Correct
Venezuela - Colombia
95.2%
Venezuela - Brazil
92.6%
Venezuela - Guyana
88.7%
Colombia - Panama
85.4%
Guyana - Suriname
82%
Brazil - Guyana
81%
Brazil - Colombia
75.4%
Colombia - Peru
65.4%
Haiti - Dominican Republic
41.9%
Netherlands - France (on St. Martin)
19.3%
Remove Ads.
Support Sporcle.
Get the best of Sporcle when you Go Orange. This ad-free experience offers more features, more stats, and more fun while also helping to support Sporcle. Thank you for becoming a member.

You're not logged in!

Compare scores with friends on all Sporcle quizzes.
OR
Log In

Show Comments

Extras

Top Quizzes Today


Score Distribution

Your Account Isn't Verified!

In order to create a playlist on Sporcle, you need to verify the email address you used during registration. Go to your Sporcle Settings to finish the process.

Report this User

Report this user for behavior that violates our Community Guidelines.

Details: